000
00249nam a2200097Ia 4500
005
20251222114357.0
008
251222s1900||||xx |||||||||||||| ||spa||
082
_a
DVD191.1/U61/2001
245
0
_a
Jornada nacional de jóvenes empresarios :
942
_c
DVD
999
_c
1471
_d
1471